| 000 | 00473nam a2200181Ia 4500 | ||
|---|---|---|---|
| 001 | 8283 | ||
| 005 | 20260306160557.0 | ||
| 008 | 260306t2013||||xx |||||||||||||| ||spa|| | ||
| 041 | _aESP | ||
| 082 |
_a370.1523 _bM26 |
||
| 100 |
_aMartínez, Robert E. _eAUT |
||
| 245 | 0 |
_aIntervención en problemas escolares: _bmodelo familiar sistémico-educativo |
|
| 260 | _c2013 | ||
| 300 |
_a158 páginas : _c23 cm. |
||
| 650 | _aGEN | ||
| 654 | _aCED | ||
| 942 |
_cLIB _dJUS _fJUS _2ddc _n |
||
| 999 |
_c8283 _d8283 |
||